[Event "Ambelokipi op 173rd"]
[Site "Athens"]
[Date "2019.06.26"]
[Round "7"]
[White "Ignatiadis, Konstantinos"]
[Black "Eleftheriou, Georgios Chr"]
[Result "1/2-1/2"]
[WhiteElo "1955"]
[BlackElo "1673"]
[PlyCount "70"]
[EventDate "2019.05.08"]
[EventType "swiss"]
[EventRounds "7"]
[EventCountry "GRE"]
[SourceTitle "EXT 2020"]
[Source "ChessBase"]
[SourceDate "2019.10.17"]
[SourceVersion "1"]
[SourceVersionDate "2019.10.17"]
[SourceQuality "1"]

1. Nf3 d5 2. c4 e6 3. b3 c5 4. Bb2 Nc6 5. cxd5 exd5 6. e3 Nf6 7. Bb5 Be7 8. 0-0 Bg4 9. d4 a6 10. Bxc6+ bxc6 11. dxc5 Ne4 12. h3 Bh5 13. g4 Bg6 14. Ne5 Qc8 15. f4 f6 16. Nd3 h5 17. f5 Bf7 18. Bd4 Qc7 19. Rf4 Ng5 20. Kg2 hxg4 21. hxg4 g6 22. Nd2 gxf5 23. Qe2 Kd7 24. Rh1 Rxh1 25. Kxh1 Rh8+ 26. Kg2 fxg4 27. Nf2 Ne6 28. Qxa6 Nxd4 29. Rxd4 Rh2+ 30. Kf1 g3 31. Ng4 Bxc5 32. Nf3 Rh1+ 33. Kg2 Rb1 34. Rd2 Ke7 35. Qd3 Rc1 1/2-1/2

[Event "GRE-ch U14"]
[Site "Greece"]
[Date "2014.07.08"]
[Round "7"]
[White "Kounouvelis, Mihail"]
[Black "Eleftheriou, Georgios Chr"]
[Result "0-1"]
[WhiteElo "1295"]
[BlackElo "1294"]
[PlyCount "81"]
[EventDate "2014.07.04"]
[EventType "swiss"]
[EventRounds "9"]
[EventCountry "GRE"]
[SourceTitle "EXT 2017"]
[Source "ChessBase"]
[SourceDate "2016.10.25"]
[SourceVersion "1"]
[SourceVersionDate "2016.10.25"]
[SourceQuality "1"]

1. e4 c6 2. d4 d5 3. e5 Bf5 4. Nf3 e6 5. g3 c5 6. c3 Nc6 7. Be3 cxd4 8. cxd4 Nge7 9. Qb3 Na5 10. Qa4+ Nec6 11. Nbd2 a6 12. Bg2 b5 13. Qd1 Nb4 14. 0-0 Bd3 15. Re1 Nc2 16. Rc1 Nxe1 17. Nxe1 Bg6 18. a3 Rc8 19. b4 Rxc1 20. Qxc1 Nc4 21. Nxc4 bxc4 22. Qc3 Be7 23. a4 0-0 24. Bf3 Qb6 25. Bd2 Rb8 26. Bd1 Bxb4 27. Qxb4 Qxb4 28. Bxb4 Rxb4 29. Kf1 Rb1 30. Ke2 Bh5+ 31. f3 Rb2+ 32. Bc2 Bg6 33. Kd2 Bxc2 34. Nxc2 Rxc2+ 35. Kxc2 a5 36. f4 f6 37. g4 Kf7 38. h4 h6 39. f5 exf5 40. gxf5 g5 41. e6+ 0-1

[Event "GRE-ch U14"]
[Site "Greece"]
[Date "2014.07.07"]
[Round "6"]
[White "Eleftheriou, Georgios Chr"]
[Black "Stratis, Nikiforos"]
[Result "0-1"]
[WhiteElo "1294"]
[BlackElo "1254"]
[PlyCount "102"]
[EventDate "2014.07.04"]
[EventType "swiss"]
[EventRounds "9"]
[EventCountry "GRE"]
[SourceTitle "EXT 2017"]
[Source "ChessBase"]
[SourceDate "2016.10.25"]
[SourceVersion "1"]
[SourceVersionDate "2016.10.25"]
[SourceQuality "1"]

1. e4 e5 2. Bc4 Bc5 3. d3 h6 4. Nc3 Nf6 5. f4 d6 6. f5 c6 7. Bb3 d5 8. Nf3 Ng4 9. Nxe5 Nxe5 10. d4 Qh4+ 11. g3 Qe7 12. Bf4 Bxd4 13. Rf1 Bxc3+ 14. bxc3 dxe4 15. Qh5 g6 16. fxg6 Nxg6 17. 0-0-0 Be6 18. h4 Bxb3 19. cxb3 Nxf4 20. Rxf4 Nd7 21. Rdf1 Ne5 22. Qf5 Nd3+ 23. Kb1 Nxf4 24. Rxf4 e3 25. Re4 Qxe4+ 26. Qxe4+ Kd7 27. Qxe3 h5 28. Qd4+ Kc7 29. Qf4+ Kb6 30. Qb4+ Kc7 31. Qe7+ Kb6 32. b4 Rae8 33. Qxf7 Re1+ 34. Kb2 Re2+ 35. Kb3 Re5 36. a4 a5 37. bxa5+ Rxa5 38. Kb4 Rha8 39. Qf2+ c5+ 40. Kb3 R8a6 41. Qe3 Rxa4 42. Qe6+ Ka7 43. Qd5 R6a5 44. Kc2 Ra2+ 45. Kb1 Ra1+ 46. Kb2 R1a2+ 47. Kb1 Ra1+ 48. Kb2 R5a2+ 49. Kb3 Ra3+ 50. Kc4 Ra4+ 51. Kd3 Rd1+ 0-1

[Event "GRE-ch U14"]
[Site "Greece"]
[Date "2014.07.06"]
[Round "4"]
[White "Eleftheriou, Georgios Chr"]
[Black "Stefanatos, Gerasimos"]
[Result "1/2-1/2"]
[WhiteElo "1294"]
[BlackElo "1545"]
[PlyCount "36"]
[EventDate "2014.07.04"]
[EventType "swiss"]
[EventRounds "9"]
[EventCountry "GRE"]
[SourceTitle "EXT 2017"]
[Source "ChessBase"]
[SourceDate "2016.10.25"]
[SourceVersion "1"]
[SourceVersionDate "2016.10.25"]
[SourceQuality "1"]

1. e4 c5 2. Nc3 Nc6 3. Bb5 Nd4 4. Bc4 g6 5. Nf3 Bg7 6. 0-0 d6 7. d3 Rb8 8. Nxd4 cxd4 9. Ne2 b5 10. Bb3 Qb6 11. f4 e6 12. Ng3 Ne7 13. a4 b4 14. a5 Qc7 15. Bd2 0-0 16. Qe1 Qc5 17. Nh1 Rd8 18. Qh4 Nc6 1/2-1/2

[Event "GRE-ch U14"]
[Site "Greece"]
[Date "2014.07.05"]
[Round "2"]
[White "Eleftheriou, Georgios Chr"]
[Black "Trimitzios, Petros"]
[Result "0-1"]
[WhiteElo "1294"]
[BlackElo "1799"]
[PlyCount "54"]
[EventDate "2014.07.04"]
[EventType "swiss"]
[EventRounds "9"]
[EventCountry "GRE"]
[SourceTitle "EXT 2017"]
[Source "ChessBase"]
[SourceDate "2016.10.25"]
[SourceVersion "1"]
[SourceVersionDate "2016.10.25"]
[SourceQuality "1"]

1. e4 e6 2. d4 d5 3. Nd2 Nf6 4. e5 Nfd7 5. Bd3 c5 6. c3 Nc6 7. Ne2 Qb6 8. Nf3 Be7 9. 0-0 0-0 10. Qc2 h6 11. Be3 Rd8 12. Qd2 Bf8 13. Nh4 Qa5 14. f4 cxd4 15. Nxd4 a6 16. Rf3 Qc7 17. Rg3 Nc5 18. Nxc6 bxc6 19. Bc2 Ne4 20. Bxe4 dxe4 21. Qe2 Qe7 22. Qh5 Rd3 23. Re1 Kh7 24. f5 exf5 25. Nxf5 Qxe5 26. Rg5 g6 27. Ng3 Qxg5 0-1